Statistics for Top 50 Highest Grossing Movies

Click here to take the quiz!

General Stats

  • This quiz has been taken 1,004 times
    (598 since last reset)
  • The average score is 24 of 50

Answer Stats

#(Current)#(Peak)YearHintMovie% Correct
311997IcebergTitanic
95%
212009Na'viAvatar
89%
112019Yet Even More SuperheroesAvengers: Endgame
83%
732012SuperheroesThe Avengers/Avengers: Assemble
81%
1192018African SuperheroesBlack Panther
79%
4011993DinosaursJurassic Park
78%
4921994LionsThe Lion King
74%
13122009Disney Remake No.3The Lion King
74%
632015More DinosaursJurassic World
73%
3442010ToysToy Story 3
73%
4642008Heath LedgerThe Dark Knight
71%
542018Even More SuperheroesAvengers: Infinity War
68%
31312019Joaquin PhoenixJoker
67%
33302019More ToysToy Story 4
63%
50302016Kid, Bear & PantherThe Jungle Book
59%
48192013MinionsDespicable Me 2
58%
1652013IceFrozen
58%
21102015BananaMinions
55%
952015More SuperheroesAvengers: Age of Ultron
54%
2772012BondSkyfall
54%
3072012Bane... YesThe Dark Knight Rises
53%
22122016Superheroes vs SuperheroesCaptain America: Civil War
50%
41242016More FishFinding Dory
50%
10102019More IceFrozen II
50%
2052013Superhero and his SupersuitsIron Man 3
49%
4352010Rabbit HoleAlice in Wonderland
47%
4221999JediStar Wars: The Phantom Menace
46%
842015CarsFurious 7
45%
2622003ElvesLord of the Rings: Return of the King
45%
29282019Friendly Neighbourhood SuperheroSpiderman: Far From Home
44%
39242017Gru-ing on us.Despicable Me 3
43%
18152018Animated SuperheroesIncredibles 2
39%
17102017Disney Remake No.2Beauty And The Beast
37%
23202018A successful DC movie?Aquaman
35%
3532006Davy JonesPirates of the Caribbean: Dead Man's Chest
35%
19112017Cars with betrayalFate Of The Furious
34%
432015Unnecessary SequelStar Wars: The Force Awakens
33%
38342019Disney Remake No.4Aladdin
32%
1232011Even More WizardHarry Potter: The Deathly Hallows Part 2
31%
1492017Unnecessary Sequel 2.0Star Wars: The Last Jedi
30%
15122018Even More DinosaursJurassic World: Fallen Kingdom
29%
32322019Unnecessary Sequel 3.0Star Wars: The Rise Of Skywalker
26%
44242016AnimalsZootopia
25%
3762011BlackbeardPirates of the Caribbean: On Stranger Tides
23%
36202016Space Station PlansRogue One: A Star Wars Story
23%
4722001WizardHarry Potter: The Philosopher's Stone
22%
24222019WHY?Captain Marvel
17%
2542011RobotsTransformers: Dark of the Moon
12%
28102014More RobotsTransformers: Age of Extinction
10%
45142012Little PeopleThe Hobbit: An Unexpected Journey
9%

Score Distribution

Percentile by Number Answered

Percent of People with Each Score

Your Score History

You have not taken this quiz since the last reset